000 00750nam a22001457a 4500
005 20251108173704.0
008 250721s2007 xx 000 0 ara d
100 1 _aالكلالدة, طاهر محمود خلف
245 1 0 _aأثر مشاركة العاملين و إتخاذ القرارات و الدافعية على الأداء الإداري : دراسة حالة أمانة عمان الكبرى ، بحث مقدم لنيل درجة الدكتوراة في إدارة الأعمال عن الفترة 1999 - 2003 /
246 1 1 _athe impact of employees participation decision making and motivation on administrative performance
264 _c2007.
700 1 _aحافظ, محمد حسن
_eمشرف
942 _2ddc
_cBK
999 _c110013
_d110013